000 00539nam a22001697a 4500
005 20251108164655.0
008 250721s1995 xx 000 0 ara d
082 1 4 _a811.0609/عود
100 1 _aعودة، أمين يوسف
245 1 0 _aتأويل الشعر و فلسفته عند الصوفية :
_bإبن عربي /
264 1 _aعمان :
_bرابطة الكتاب الأردنيين،
_c1995.
300 _a275 ص.
650 1 7 _aالشعر الديني
650 1 7 _aشعر التصوف
942 _2ddc
_cBK
999 _c11520
_d11520